al-Rasa'il al-Darqawiyyah

Bibliographic Details
Main Author: Darqawi, Muhammad al-Arbi ibn Ahmad , -1823 or 1824 (Author)
Format: Book
Published: Kota Bharu : Pustaka Aman Press , 1981
Subjects:

MARC

LEADER 00000cam a2200000 7i4500
001 0000006257
005 20160816093000.0
008 021119s1981
090 0 0 |a BP88   |b .D2772 
100 0 |a Darqawi, Muhammad al-Arbi ibn Ahmad ,   |d -1823 or 1824 ,   |e author 
245 0 3 |a al-Rasa'il al-Darqawiyyah   |c Muhammad al-Arabi ibn Ahmad al-Darqawi 
260 2 |a Kota Bharu :   |b Pustaka Aman Press ,   |c 1981 
300 |a 160 p. ;   |c 20 cm. 
501 |a Jawi 
600 0 0 |a Darqawi, Muhammad al-Arbi ibn Ahmad ,   |d d. 1823 or 4 
650 0 |a Sufism 
999 |a 1000001960   |b Book   |c OPEN SHELF (30 DAYS)   |e Gong Badak Campus 
999 |a 1000079037   |b Book   |c OPEN SHELF (30 DAYS)   |e Gong Badak Campus